Подробности
| 000 -МАРКЕР |
| контрольное поле |
01601nam0a2200325 4500 |
| 001 - ИДЕНТИФИКАТОР ЗАПИСИ |
| контрольное поле |
RU\NLR\bibl\2035310 |
| 005 - ИДЕНТИФИКАТОР ВЕРСИИ |
| контрольное поле |
20260406140618.0 |
| 010 ## - МЕЖДУНАРОДНЫЙ СТАНДАРТНЫЙ НОМЕР КНИГИ (ISBN) |
| Номер (ISBN) |
978-5-9658-0088-9 |
| Тираж |
100 |
| 021 ## - НОМЕР ГОСУДАРСТВЕННОЙ РЕГИСТРАЦИИ |
| Код страны |
Российская Федерация |
| Номер |
2013-29996 |
| Номер Листа государственной регистраци |
2061 |
| 035 ## - ДРУГИЕ СИСТЕМНЫЕ НОМЕРА |
| Идентификатор записи |
(NLR Aleph) 002022820 |
| 100 ## - ДАННЫЕ ОБЩЕЙ ОБРАБОТКИ |
| Данные общей обработки |
20130521d2011 |||y0rusy50 ca |
| 101 0# - ЯЗЫК РЕСУРСА |
| Язык текста, звукозаписи и т.д. |
русский |
| 102 ## - СТРАНА ПУБЛИКАЦИИ ИЛИ ПРОИЗВОДСТВА |
| Страна публикации |
Российская Федерация |
| 105 ## - ПОЛЕ КОДИРОВАННЫХ ДАННЫХ: ТЕКСТОВЫЕ МАТЕРИАЛЫ, МОНОГРАФИЧЕСКИЕ |
| Кодированные данные о монографическом текстовом документе |
y ||||||||| |
| 200 1# - ЗАГЛАВИЕ И СВЕДЕНИЯ ОБ ОТВЕТСТВЕННОСТИ |
| Основное заглавие |
Динамика контекстовых форм в лирике Я.П. Полонского (от дебютной лирической книги к итоговым) |
| Сведения, относящиеся к заглавию |
монография |
| Первые сведения об ответственности |
И.С. Назарова |
| Последующие сведения об ответственности |
М-во образования и науки Рос. Федерации, ФГОУ ВПО "Омский гос. пед. ун-т" |
| 210 ## - ПУБЛИКАЦИЯ, РАСПРОСТРАНЕНИЕ И ДР. |
| Место издания, распространения и т.д. |
Омск |
| Имя издателя, распространителя и т. д. |
Сфера |
| Дата издания, распространения и т.д. |
2011 |
| 215 ## - ФИЗИЧЕСКАЯ ХАРАКТЕРИСТИКА |
| Специфическое обозначение материала и объем |
143 с. |
| Размеры |
20 |
| 320 ## - ПРИМЕЧАНИЯ О НАЛИЧИИ В ДОКУМЕНТЕ БИБЛИОГРАФИИ / УКАЗАТЕЛЯ |
| Текст примечания |
Библиогр.: с. 124-140 (164 назв.) |
| 604 ## - ИМЯ И ЗАГЛАВИЕ КАК ПРЕДМЕТ |
| Связываемые данные |
200#1$aПолонский$bЯ. П.$gЯков Петрович$f1819 - 1898 |
| -- |
2351#$aЛирика |
| Имя лица |
Полонский, Яков Петрович (1819 - 1898) |
| Заглавие |
Лирика |
| Идентификатор авторитетной/нормативной записи |
RU\NLR\AUTH\661598190 |
| Системный номер авторитетной/нормативной записи |
2147277 |
| 686 ## - ИНДЕКСЫ ДРУГИХ КЛАССИФИКАЦИЙ |
| Индекс |
Ш5(2=Р)52-4Полонский |
| 700 #1 - ИМЯ ЛИЦА - ПЕРВИЧНАЯ ОТВЕТСТВЕННОСТЬ |
| Код отношения |
Автор |
| Графика поля |
Кириллица |
| Материалы, к которым относится поле |
rus |
| Начальный элемент ввода |
Назарова |
| Часть имени, кроме начального элемента ввода |
И. С. |
| Дополнения к именам, кроме дат |
канд. филол. наук |
| Расширение инициалов личного имени |
Ирина Сергеевна |
| Системный номер авторитетной/нормативной записи |
66129 |
| Идентификатор авторитетной/нормативной записи |
RU\NLR\auth\7783201 |
| 702 #1 - ИМЯ ЛИЦА - ВТОРИЧНАЯ ОТВЕТСТВЕННОСТЬ |
| Код отношения |
Прочие |
| Графика поля |
Кириллица |
| Материалы, к которым относится поле |
rus |
| Начальный элемент ввода |
Полонский |
| Часть имени, кроме начального элемента ввода |
Я. П. |
| Даты |
1819-1898 |
| Расширение инициалов личного имени |
Яков Петрович |
| Системный номер авторитетной/нормативной записи |
113102 |
| Идентификатор авторитетной/нормативной записи |
RU\NLR\auth\773096 |
| 801 #0 - ИСТОЧНИК ЗАПИСИ |
| Страна |
Российская Федерация |
| Организация |
NLR |
| Дата составления |
20130521 |
| Правила каталогизации |
RCR |
| 801 #1 - ИСТОЧНИК ЗАПИСИ |
| Страна |
Российская Федерация |
| Организация |
NLR |
| Дата составления |
20130521 |
| 942 ## - ДОПОЛНИТЕЛЬНЫЕ ЭЛЕМЕНТЫ ЗАПИСИ (АБИС) |
| Тип экземпляра АБИС |
Книга |
| 980 ## - КОЛЛЕКЦИЯ |
| Название коллекции |
НБР |
| 980 ## - КОЛЛЕКЦИЯ |
| Название коллекции |
Национальная библиография |